• 首页
  • 本馆介绍
  • 公告通知
  • 最新文献
  • 馆藏检索
  • 电子资源
  • 读者导购
  • 参考咨询
  • 我的图书馆
  • 登录
  • 详细信息显示
  • 放入我的书架
  • 预约/预借图书
  • 作者相关作品
  • 分类相关作品
  • 丛书相关作品
  • 出版社相关作品

书目信息

  • 表格格式
  • 工作单格式
  • 卡片格式
题名:
生物治疗学
    
 
作者: 杜宝恒 主编
分册:  
出版信息: 天津   天津科技翻译出版公司  2003.1
页数: 498页
开本: 29cm
丛书名:
单 册:
中图分类: R456
科图分类:
主题词: 生物疗法
电子资源:
ISBN: 7-5433-1619-6
000 00841nam0 2200241 45
001 1354543030
005 20130510093953.21
010    @a7-5433-1619-6@b精装@dCNY74.00
100    @a20130108d2003 em y0chiy0110 ea
101 0  @achi
102    @aCN@b120000
105    @ay z 001yy
106    @ar
200 1  @a生物治疗学@ASheng Wu Zhi Liao Xue@dBiologic Therapeutics@f杜宝恒主编@FDu Bao Heng Zhu Bian@zeng
210    @a天津@c天津科技翻译出版公司@d2003.1
215    @a498页@d29cm
330    @a本书内容包括生物治疗的基础理论与临床,特点是理论与实践并举,系统地介绍制剂、治疗方法、有关疾病的具体运用等,全面反映了生物治疗的各个环节及当代水平。
510 1  @aBiologic Therapeutics@zeng
606 0  @a生物疗法
690    @aR456@v5
701  0 @a杜宝恒@ADu Bao Heng@4主编
801    @aCN@bTANGWEI@c20130109
905    @b0830764-66@dR456@e85@f3
    
    生物治疗学=Biologic Therapeutics/杜宝恒主编.-天津:天津科技翻译出版公司,2003.1
    498页;29cm
    
    
    ISBN 7-5433-1619-6(精装):CNY74.00
    本书内容包括生物治疗的基础理论与临床,特点是理论与实践并举,系统地介绍制剂、治疗方法、有关疾病的具体运用等,全面反映了生物治疗的各个环节及当代水平。
●
相关链接 在E读中查询图书 在五车中查询图书 在当当中查询图书 在豆瓣中查询图书


正题名:生物治疗学     索取号:R456/85         预约/预借

序号 登录号 条形码 馆藏地/架位号 状态 备注
1 0830764   208307642   第二样本阅览室/ [索取号:R456/85] 在馆    
2 0830765   208307651   第三借阅区/ [索取号:R456/85] 在馆    
3 0830766   208307660   第三借阅区/ [索取号:R456/85] 在馆    
唐山师范学院图书馆 欢迎您!
大连网信软件有限公司© 版权所有